000 00825nam a22002777a 4500
001 7738
003 FISKH
005 20250801150552.0
008 250801b cb ||||| |||| 00| 0 eng d
020 _a9781589529120eng
040 _aFISKH
_beng
_cFISKH
_dFISKH
050 _aPZ7
082 _a813.6
100 _aLeaney, Cindy
245 _aA long list :
_bfriendly phonics /
_cby Cindy Leaney
260 _aFlorida :
_bRourke Classroom Resources ,
_c2004.
300 _a24 pages :
_bcolor illustrations ;
_c18 x 20 cm .
505 _aH
520 _aA brief rhyming story and pictures introduce the "l" sound.
521 8 _a430
_bLexile estimate
521 8 _aH
_bRaz-Plus
700 _aKing, Sue
_eIllustrator
700 _aWilks, Peter
_eIllustrator
942 _2ddc
_cBK
_n0
999 _c7738
_d7738